书目信息 |
| 题名: |
现代汉语教学参考书
|
|
| 作者: | 唐朝阔 主编 | |
| 分册: | ||
| 出版信息: | 北京 高等教育出版社 2000 |
|
| 页数: | 131页 | |
| 开本: | 26cm | |
| 丛书名: | 师范高等专科学校汉语语言文学教育专业系列教材 | |
| 单 册: | ||
| 中图分类: | H109.4 | |
| 科图分类: | 41.2044 | |
| 主题词: | 汉语--现代--师范大学--教学参考资料 | |
| 电子资源: | ||
| ISBN: | 7-04-008816-9 | |
| 000 | 00781nam0 2200241 45 | |
| 001 | 0194006945 | |
| 005 | 20070606112819.79 | |
| 010 | @a7-04-008816-9@dCNY8.60 | |
| 100 | @a19940218d2000 em y0chiy0121 ea | |
| 101 | 0 | @achi |
| 102 | @aCN@b110000 | |
| 105 | @ay z 000yy | |
| 200 | 10 | @a现代汉语教学参考书@Axian dai han yu jiao xue can kao shu@f唐朝阔等主编@Ftang chao kuo deng zhu bian |
| 210 | @a北京@c高等教育出版社@d2000 | |
| 215 | @a131页@d26cm | |
| 225 | 2 | @a师范高等专科学校汉语语言文学教育专业系列教材 |
| 410 | 0 | @12001 @a师范高等专科学校汉语语言文学教育专业系列教材 |
| 606 | @a汉语@z现代@x师范大学@x教学参考资料 | |
| 690 | @aH109.4@v三版 | |
| 692 | @a41.2044 | |
| 701 | 0 | @a唐朝阔@Atang chao kuo@4主编 |
| 801 | 0 | @aCN@bTSSF@c20070606 |
| 905 | @a10447@dH109.4@e58 | |
| 现代汉语教学参考书/唐朝阔等主编.-北京:高等教育出版社,2000 |
| 131页;26cm.-(师范高等专科学校汉语语言文学教育专业系列教材) |
| ISBN 7-04-008816-9:CNY8.60 |
| ● |
| 相关链接 |
|
|
|
|
正题名:现代汉语教学参考书
索取号:H109.4/58
 
预约/预借
| 序号 | 登录号 | 条形码 | 馆藏地/架位号 | 状态 | 备注 |
| 1 | 0512645 | 205126451 | 第二样本阅览室/ [索取号:H109.4/58] | 在馆 | |
| 2 | 0512646 | 205126460 | 密集书库/ [索取号:H109.4/58] | 在馆 | |
| 3 | 0512647 | 205126479 | 密集书库/ [索取号:H109.4/58] | 在馆 | |
| 4 | 0512648 | 205126488 | 密集书库/ [索取号:H109.4/58] | 在馆 | |
| 5 | 0512649 | 205126497 | 密集书库/ [索取号:H109.4/58] | 在馆 |